Sartre : (Record no. 186126)
[ view plain ]
| 000 -LEADER | |
|---|---|
| fixed length control field | 00792 a2200229 4500 |
| 003 - CONTROL NUMBER IDENTIFIER | |
| control field | Nust |
| 005 - DATE AND TIME OF LATEST TRANSACTION | |
| control field | 20230330121517.0 |
| 010 ## - LIBRARY OF CONGRESS CONTROL NUMBER | |
| LC control number | 78019019 |
| 020 ## - INTERNATIONAL STANDARD BOOK NUMBER | |
| International Standard Book Number | 0916354342 : |
| 020 ## - INTERNATIONAL STANDARD BOOK NUMBER | |
| International Standard Book Number | 0916354350 (pbk.) : |
| 040 ## - CATALOGING SOURCE | |
| Transcribing agency | Nust |
| 082 00 - DEWEY DECIMAL CLASSIFICATION NUMBER | |
| Classification number | 848,SAR |
| 100 1# - MAIN ENTRY--PERSONAL NAME | |
| Personal name | Sartre,Jean-Paul |
| 9 (RLIN) | 34124 |
| 245 10 - TITLE STATEMENT | |
| Title | Sartre : |
| Remainder of title | a film directed by Alexandre Astruc and Michel Contat with the participation of Simone de Beauvoir, Jacques-Larent Bost, Andre Gorz, Jean Pouillon / |
| Statement of responsibility, etc. | Jean -Paul Sartre. |
| 260 ## - PUBLICATION, DISTRIBUTION, ETC. | |
| Place of publication, distribution, etc. | New York : |
| Name of publisher, distributor, etc. | Urizen Books, |
| Date of publication, distribution, etc. | c1978. |
| 300 ## - PHYSICAL DESCRIPTION | |
| Extent | 112 p. : |
| Other physical details | ill. ; |
| Dimensions | 22 cm. |
| 600 10 - SUBJECT ADDED ENTRY--PERSONAL NAME | |
| Personal name | Sartre, Jean-Paul, |
| Dates associated with a name | 1905-1980 |
| 9 (RLIN) | 111602 |
| 650 #0 - SUBJECT ADDED ENTRY--TOPICAL TERM | |
| Topical term or geographic name entry element | Authors, French |
| Chronological subdivision | 20th century |
| 9 (RLIN) | 111603 |
| 700 1# - ADDED ENTRY--PERSONAL NAME | |
| Personal name | Astruc, Alexandre. |
| 9 (RLIN) | 111604 |
| 700 1# - ADDED ENTRY--PERSONAL NAME | |
| Personal name | Contat, Michel. |
| 9 (RLIN) | 111605 |
| 942 ## - ADDED ENTRY ELEMENTS (KOHA) | |
| Source of classification or shelving scheme | |
| Koha item type | Book |
| Call number prefix | 848,SAR |
| Withdrawn status | Lost status | Source of classification or shelving scheme | Damaged status | Not for loan | Permanent Location | Current Location | Shelving location | Date acquired | Full call number | Barcode | Date last seen | Price effective from | Koha item type | Public note |
|---|---|---|---|---|---|---|---|---|---|---|---|---|---|---|
| Military College of Signals (MCS) | Military College of Signals (MCS) | Fiction | 12/12/2016 | 848,SAR | MCS5721 | 12/08/2016 | 12/12/2016 | Book | Almirh No 75, Shelf No 4 |
